Foundations of special and inclusive education / (Record no. 17253)
[ view plain ]
| 000 -LEADER | |
|---|---|
| fixed length control field | 00944nam a2200253 4500 |
| 005 - DATE AND TIME OF LATEST TRANSACTION | |
| control field | 20250919075346.0 |
| 008 - FIXED-LENGTH DATA ELEMENTS--GENERAL INFORMATION | |
| fixed length control field | 220906b ||||| |||| 00| 0 eng d |
| 020 ## - INTERNATIONAL STANDARD BOOK NUMBER | |
| International Standard Book Number | 9789718219492 |
| 082 ## - DEWEY DECIMAL CLASSIFICATION NUMBER | |
| Classification number | DFil 371.9 F825 2020 |
| 100 ## - MAIN ENTRY--PERSONAL NAME | |
| Personal name | Boholano, Helen B. |
| 9 (RLIN) | 45879 |
| 245 ## - TITLE STATEMENT | |
| Title | Foundations of special and inclusive education / |
| Statement of responsibility, etc. | Helen B. Boholano and seven others. |
| 260 ## - PUBLICATION, DISTRIBUTION, ETC. (IMPRINT) | |
| Place of publication, distribution, etc. | Malabon City : |
| Name of publisher, distributor, etc. | Mutya Publishing House, Inc., |
| Date of publication, distribution, etc. | ©2020. |
| 300 ## - PHYSICAL DESCRIPTION | |
| Extent | 245 pages : |
| Other physical details | illustrations ; |
| Dimensions | 25cm. |
| 500 ## - GENERAL NOTE | |
| General note | Includes bibliographical references.<br/> |
| 650 ## - SUBJECT ADDED ENTRY--TOPICAL TERM | |
| Topical term or geographic name as entry element | Special education. |
| 9 (RLIN) | 45880 |
| 700 ## - ADDED ENTRY--PERSONAL NAME | |
| Personal name | Bacasmot, Jocelyn B. |
| Relator term | author. |
| 9 (RLIN) | 45881 |
| 700 ## - ADDED ENTRY--PERSONAL NAME | |
| Personal name | Cortes, Venus M. |
| Relator term | author. |
| 9 (RLIN) | 45882 |
| 700 ## - ADDED ENTRY--PERSONAL NAME | |
| Personal name | Genara, Pacana B. |
| Relator term | author. |
| 9 (RLIN) | 45883 |
| 700 ## - ADDED ENTRY--PERSONAL NAME | |
| Personal name | Chua, Liza L. |
| Relator term | author. |
| 9 (RLIN) | 45884 |
| 700 ## - ADDED ENTRY--PERSONAL NAME | |
| Personal name | Capuno, Reylan G. |
| Relator term | author. |
| 9 (RLIN) | 213 |
| 700 ## - ADDED ENTRY--PERSONAL NAME | |
| Personal name | Bacaltos, Richel N. |
| Relator term | author. |
| 9 (RLIN) | 45885 |
| 700 ## - ADDED ENTRY--PERSONAL NAME | |
| Personal name | Cajes, Roberto C. |
| Relator term | author. |
| 9 (RLIN) | 45886 |
| 942 ## - ADDED ENTRY ELEMENTS (KOHA) | |
| Source of classification or shelving scheme | Dewey Decimal Classification |
| Koha item type | Filipiniana |
| Withdrawn status | Lost status | Source of classification or shelving scheme | Damaged status | Not for loan | Collection code | Home library | Current library | Shelving location | Date acquired | Source of acquisition | Cost, normal purchase price | Total Checkouts | Full call number | Barcode | Date last seen | Date last checked out | Copy number | Price effective from | Koha item type |
|---|---|---|---|---|---|---|---|---|---|---|---|---|---|---|---|---|---|---|---|
| Dewey Decimal Classification | Filipiniana | UM Digos College - LIC | UM Digos College - LIC | Book Cart | 08/16/2022 | Purchased | 574.00 | 1 | DFil 371.9 F825 2020 | 27237 | 10/27/2025 | 10/20/2025 | 1 | 09/06/2022 | Filipiniana | ||||
| Dewey Decimal Classification | Filipiniana | UM Digos College - LIC | UM Digos College - LIC | 08/08/2023 | Purchased | 779.00 | DFil 371.9 F825 2020 | 27681 | 05/15/2025 | 2 | 12/14/2023 | Filipiniana | |||||||
| Dewey Decimal Classification | Filipiniana | UM Digos College - LIC | UM Digos College - LIC | 08/08/2023 | Purchased | 779.00 | DFil 371.9 F825 2020 | 27682 | 05/15/2025 | 3 | 12/14/2023 | Filipiniana | |||||||
| Dewey Decimal Classification | Filipiniana | UM Digos College - LIC | UM Digos College - LIC | 08/08/2023 | Purchased | 779.00 | DFil 371.9 F825 2020 | 27683 | 05/15/2025 | 4 | 12/14/2023 | Filipiniana |
